| 000 | 00336nam a2200145Ia 4500 | ||
|---|---|---|---|
| 008 | 200615s9999||||xx |||||||||||||| ||und|| | ||
| 020 | _a9789386189288 | ||
| 082 |
_a650 _bBUS-V |
||
| 100 | _aNEERU,VASITHTH | ||
| 245 | 0 | _aBUSINESS ETHICS AND VALUES | |
| 250 | _a1ST | ||
| 260 |
_aNew Delhi _bTAXMAN _c2018 |
||
| 300 | _a0 | ||
| 942 | _cBK | ||
| 999 |
_c26449 _d26449 |
||